| Tag |
First Indicator |
Second Indicator |
Subfields |
| LEADER |
00000cam a2200000 a 4500 |
| 001 |
in00001255352 |
| 005 |
20151003084927.0 |
| 008 |
950804s1995 dcu 000 0 eng d |
| 010 |
|
|
|a 94061652
|
| 020 |
|
|
|a 1569730016
|
| 035 |
|
|
|a (OCoLC)32917066
|
| 035 |
|
|
|9 AGV0509AM
|
| 040 |
|
|
|a DLA
|c DLA
|d TXA
|d UtOrBLW
|
| 049 |
|
|
|a TXAM
|
| 090 |
|
|
|a TD194.68.A78
|b S55 1995
|
| 100 |
1 |
|
|a Smith, David B.
|
| 245 |
1 |
0 |
|a Strengthening EIA capacity in Asia :
|b environmental impact assessment in the Philippines, Indonesia, and Sri Lanka /
|c David B. Smith, Mieke van der Wansem.
|
| 264 |
|
1 |
|a Washington, D.C. :
|b World Resources Institute,
|c 1995.
|
| 300 |
|
|
|a x, 90 pages :
|b illustrations ;
|c 28 cm.
|
| 336 |
|
|
|a text
|b txt
|2 rdacontent
|
| 337 |
|
|
|a unmediated
|b n
|2 rdamedia
|
| 338 |
|
|
|a volume
|b nc
|2 rdacarrier
|
| 500 |
|
|
|a "June 1995."
|
| 504 |
|
|
|a Includes bibliographical references (pages 55-58).
|
| 650 |
|
0 |
|a Environmental impact analysis
|z Asia.
|
| 650 |
|
0 |
|a Environmental impact analysis
|z Philippines.
|
| 650 |
|
0 |
|a Environmental impact analysis
|z Indonesia.
|
| 650 |
|
0 |
|a Environmental impact analysis
|z Sri Lanka.
|
| 700 |
1 |
|
|a Wansem, Mieke van der.
|
| 710 |
2 |
|
|a World Resources Institute.
|
| 999 |
|
|
|a MARS
|
| 999 |
f |
f |
|s e77c5f15-e0d9-3fd7-98c1-57b9a2aacd7a
|i b0436f9f-6f9f-3db4-8789-155388ead1c9
|t 0
|
| 952 |
f |
f |
|p ric
|a Texas A&M University
|b Rellis Campus
|c Joint Library Facility
|d Remote Storage
|t 0
|e TD194.68.A78 S55 1995
|h Library of Congress classification
|i unmediated -- volume
|m A14819702789
|
| 998 |
f |
f |
|a TD194.68.A78 S55 1995
|t 0
|l Remote Storage
|